Merry Christmas - Sudden Death! - Statistics

General Stats
  • This quiz has been taken 163 times
  • The average score is 8 of 20
Answers on the Grid
Answers color-coded by a green-red scale on the quiz's grid according to % correct below.
Buon Natale
Crăciun Fericit
Feliĉan Kristnaskon
Feliz Natal
Feliz Navidad
Frohe Ostern
Frohe Weihnachten
Fùhuó jié kuàilè
Geseënde Kersfees
Gleðileg Jól
God Påske
Happy Easter
Joyeuses Pâques
Joyeux Noël
Kalá Christoúgenna
Kuttuu Pasha
L-Għid it-tajjeb
Linksmų Velykų
Manuia le kirisimasi
Mele Kalikimaka
Meri Kirihimete
Merīkurisumasu
Merry Christmas
Nadolig Llawen
Nollaig Chridheil
Nollaig Shona Dhuit
Pasxa Muborak bo'lsin
Sretan Uskrs
Vrolijk Kerstfeest
Wesołych Świąt
 
Answer Stats
Answer % Correct
Spanish Feliz Navidad
90%
English Merry Christmas
78%
French Joyeux Noël
68%
Italian Buon Natale
60%
Esperanto Feliĉan Kristnaskon
56%
Portuguese Feliz Natal
54%
German Frohe Weihnachten
45%
Dutch Vrolijk Kerstfeest
45%
Maori Meri Kirihimete
43%
Greek Kalá Christoúgenna
42%
Samoan Manuia le kirisimasi
39%
Hawaiian Mele Kalikimaka
38%
Japanese Merīkurisumasu
37%
Scottish Gaelic Nollaig Chridheil
36%
Afrikaans Geseënde Kersfees
30%
Icelandic Gleðileg Jól
28%
Polish Wesołych Świąt
20%
Romanian Crăciun Fericit
17%
Welsh Nadolig Llawen
14%
Irish Nollaig Shona Dhuit
11%
No matching quizzes found
Score Distribution
Percent of People with Each Score
Percentile by Number Answered
Your Score History
You have not taken this quiz